header

Out of the box thoughts about the international financial architecture (Record no. 110744)

MARC details
000 -LEADER
fixed length control field 01236nam a2200301Ia 4500
100 1# - MAIN ENTRY--AUTHOR NAME
Personal name Eichengreen, Barry J.
245 10 - TITLE STATEMENT
Title Out of the box thoughts about the international financial architecture
260 ## - PUBLICATION, DISTRIBUTION, ETC. (IMPRINT)
Place of publication [Washington, D.C.] :
Name of publisher International Monetary Fund,
Year of publication 2009.
300 ## - PHYSICAL DESCRIPTION
Number of Pages 26 p.
490 1# - SERIES STATEMENT
Series statement IMF working paper ;
650 #0 - SUBJECT ADDED ENTRY--TOPICAL TERM
Topical Term International finance.
Topical Term Global Financial Crisis, 2008-2009.
856 40 - ELECTRONIC LOCATION AND ACCESS
Uniform Resource Identifier http://site.ebrary.com/lib/rucke/Doc?id=10369422

No items available.

© 2026 Rongo University
Contact us: librarian | system librarian | Rongo university